Managing change in organizations / (Record no. 1565)

000 -LEADER
fixed length control field 00807cam a2200253 a 4500
001 - CONTROL NUMBER
control field 2941717
003 - CONTROL NUMBER IDENTIFIER
control field OSt
005 - DATE AND TIME OF LATEST TRANSACTION
control field 20150320121531.0
008 - FIXED-LENGTH DATA ELEMENTS--GENERAL INFORMATION
fixed length control field 900221s1990 nyua b 001 0 eng
010 ## - LIBRARY OF CONGRESS CONTROL NUMBER
LC control number 90006957
020 ## - INTERNATIONAL STANDARD BOOK NUMBER
International Standard Book Number 0135518628 :
Terms of availability £16.95 (Gt. Britain)
040 ## - CATALOGING SOURCE
Original cataloging agency DLC
Transcribing agency DLC
Modifying agency DLC
050 00 - LIBRARY OF CONGRESS CALL NUMBER
Classification number HD58.8.C363 1990
082 00 - DEWEY DECIMAL CLASSIFICATION NUMBER
Classification number 658.4/06
Edition number 20
100 1# - MAIN ENTRY--PERSONAL NAME
Personal name Carnall, C. A.
Fuller form of name (Colin A.)
245 10 - TITLE STATEMENT
Title Managing change in organizations /
Statement of responsibility, etc Colin A. Carnall.
260 ## - PUBLICATION, DISTRIBUTION, ETC. (IMPRINT)
Place of publication, distribution, etc New York :
Name of publisher, distributor, etc Prentice Hall l,
Date of publication, distribution, etc 1990.
300 ## - PHYSICAL DESCRIPTION
Extent x, 221 p. :
Other physical details ill. ;
Dimensions 23 cm.
504 ## - BIBLIOGRAPHY, ETC. NOTE
Bibliography, etc Includes bibliographical references (p. 214-217) and index.
650 #0 - SUBJECT ADDED ENTRY--TOPICAL TERM
Topical term or geographic name as entry element Organizational change
General subdivision Management.
906 ## - LOCAL DATA ELEMENT F, LDF (RLIN)
a 7
b cbc
c orignew
d 1
e ocip
f 19
g y-gencatlg
942 ## - ADDED ENTRY ELEMENTS (KOHA)
Source of classification or shelving scheme
Koha item type Book
Holdings
Withdrawn status Lost status Source of classification or shelving scheme Damaged status Not for loan Home library Current library Shelving location Date acquired Total Checkouts Full call number Barcode Date last seen Date checked out Copy number Price effective from Koha item type
          Riara University Library Riara University Library General stack 20/03/2015 4 HD58.8.C363 1990 5382/15 08/02/2018 25/01/2018 C.1 20/03/2015 Book

Riara University Library,
P.O. Box 49940-00100,
Nairobi, Kenya.